000 00850nam a2200241Ia 4500
003 OSt
005 20220926013519.0
006 a|||||r|||| 00| 0
007 ta
008 220923b |||||||| |||| 00| 0 eng d
037 _cGeneral Book
040 _aRTL
_cRTL
_beng
041 _2eng
_aeng
082 _aX755:(Z,3), H9.56-2
110 _aInternational Bank for Reconstruction and Development and Republic of Chile
_9318473
245 0 _aAgreement amending loan agreement
_b Second highway
260 _aNew York
_bInternational Bank for Reconstruction and Development and Republic of Chile
_c1974
300 _a9p.
_ccm.
650 _aForeign Loan
700 _aInternational Bank for Reconstruction and Development and Republic of Chile
_9318474
942 _hX755:(Z,3), H9.56-2
_cGB
_2CC
999 _c626126
_d626126